Run in the answers - Statistics

General Stats
  • This quiz has been taken 12 times
  • The average score is 9 of 15
Answer Stats
Question Answer % Correct
To no longer have something, used up Run out
83%
To knock a person or animal down and pass over their body Run over
83%
To allow a debt or bill to accumulate Run up
83%
Aircraft take off from me Runway
83%
To lose energy or momentum, run out of _____ Gas
75%
To seriously challenge (a team), give them a run for their ______ Money
75%
(Of a vehicle) to hit a person or animal and knock them to the ground Run down
67%
A disagreement or fight, especially with someone in an official position Run in
67%
Deserting or revolting against one's group Run away
58%
To manage a group with strict discipline, run a ____ _____ Tight ship
58%
Deceitful or evasive treatment Run around
42%
To easily beat, run _______ around Rings
33%
(Of a liquid) flow over and away from a surface Run off
33%
To extend to or reach a specified amount or size Run to
25%
A run made in football after catching an opponent's kick or intercepting a pass Run back
8%
No matching quizzes found
Score Distribution
Percent of People with Each Score
Percentile by Number Answered
Your Score History
You have not taken this quiz